[Event "IECC CL6-2018.01 email"]
[Site "IECC email"]
[Date "2018.11.01"]
[Round "?"]
[White "Dawkins, Arthur William"]
[Black "Vitello, Gabriella"]
[Result "0-1"]
[WhiteElo "1219"]
[BlackElo "1341"]
[PlyCount "38"]
[EventDate "2018.??.??"]
[EventType "tourn (corr)"]
[EventRounds "4"]
[SourceTitle "Corr 2020"]
[Source "ChessBase"]
[SourceDate "2019.09.30"]
[SourceVersion "1"]
[SourceVersionDate "2019.09.30"]
[SourceQuality "1"]
[WhiteTeam "England"]
[BlackTeam "Italy"]
[WhiteTeamCountry "ENG"]
[BlackTeamCountry "ITA"]

1. e4 e6 2. d4 d5 3. e5 c5 4. c3 Nc6 5. Nf3 Bd7 6. Be2 Nge7 7. 0-0 cxd4 8. cxd4 Nf5 9. a3 Qb6 10. Bf4 Qxb2 11. Nbd2 Nfxd4 12. Nxd4 Nxd4 13. Rb1 Qxa3 14. Rxb7 Ba4 15. Qe1 Bb4 16. Bd1 Bxd1 17. Qxd1 0-0 18. Be3 Nf5 19. Bf4 a5 0-1

[Event "IECC CL7-2018.04 email"]
[Site "IECC email"]
[Date "2018.04.19"]
[Round "?"]
[White "Nilsson, Bjoern"]
[Black "Dawkins, Arthur William"]
[Result "0-1"]
[WhiteElo "941"]
[BlackElo "1206"]
[PlyCount "42"]
[EventDate "2018.??.??"]
[EventType "tourn (corr)"]
[EventRounds "4"]
[SourceTitle "Corr 2020"]
[Source "ChessBase"]
[SourceDate "2019.09.30"]
[SourceVersion "1"]
[SourceVersionDate "2019.09.30"]
[SourceQuality "1"]
[WhiteTeam "Sweden"]
[BlackTeam "England"]
[WhiteTeamCountry "SWE"]
[BlackTeamCountry "ENG"]

1. c4 Nf6 2. e3 c5 3. Ne2 Nc6 4. Nbc3 e6 5. g3 Be7 6. Nf4 0-0 7. d3 a6 8. Bd2 Rb8 9. Qe2 b5 10. cxb5 axb5 11. 0-0-0 b4 12. Nb1 Ba6 13. b3 Ne5 14. h3 Qa5 15. f3 Qxa2 16. d4 Bxe2 17. Bxe2 cxd4 18. exd4 Rfc8+ 19. Bc4 Nxc4 20. bxc4 b3 21. Nd3 Qc2# 0-1

[Event "IECC CL6-2016.01 email"]
[Site "IECC email"]
[Date "2016.03.08"]
[Round "?"]
[White "Campbell, Graham G"]
[Black "Dawkins, Arthur William"]
[Result "1/2-1/2"]
[WhiteElo "1301"]
[BlackElo "1238"]
[PlyCount "79"]
[EventDate "2016.??.??"]
[EventType "tourn (corr)"]
[EventRounds "4"]
[SourceTitle "Corr 2020"]
[Source "ChessBase"]
[SourceDate "2019.09.30"]
[SourceVersion "1"]
[SourceVersionDate "2019.09.30"]
[SourceQuality "1"]
[WhiteTeam "United States"]
[BlackTeam "England"]
[WhiteTeamCountry "USA"]
[BlackTeamCountry "ENG"]

1. e4 e5 2. Nf3 Nc6 3. Bb5 Nf6 4. d3 Bc5 5. 0-0 0-0 6. Bxc6 dxc6 7. Nxe5 Qe7 8. Ng4 Bxg4 9. Qe1 Rfe8 10. Bg5 h6 11. Bh4 Rad8 12. h3 Bc8 13. a3 Bd6 14. f4 Bc5+ 15. Kh1 a6 16. e5 Qe6 17. exf6 Qxe1 18. Bxe1 Re2 19. Nd2 Bd4 20. c3 Bxf6 21. Ne4 Rxd3 22. Nxf6+ gxf6 23. b4 Bf5 24. c4 Be4 25. Rf2 Rxf2 26. Bxf2 Rd2 27. Kg1 b6 28. Re1 f5 29. g4 Kg7 30. Re3 Kf6 31. h4 Rd3 32. g5+ hxg5 33. Rxd3 Bxd3 34. fxg5+ Kg6 35. Kg2 Bxc4 36. Kg3 b5 37. Be3 f6 38. gxf6 Kxf6 39. Bf4 Bf7 40. Bxc7 1/2-1/2

[Event "IECC CL6-2016.01 email"]
[Site "IECC email"]
[Date "2016.03.08"]
[Round "?"]
[White "Dawkins, Arthur William"]
[Black "Acosta, Errol Ian"]
[Result "0-1"]
[WhiteElo "1225"]
[BlackElo "1336"]
[PlyCount "40"]
[EventDate "2016.??.??"]
[EventType "tourn (corr)"]
[EventRounds "4"]
[SourceTitle "Corr 2020"]
[Source "ChessBase"]
[SourceDate "2019.09.30"]
[SourceVersion "1"]
[SourceVersionDate "2019.09.30"]
[SourceQuality "1"]
[WhiteTeam "England"]
[BlackTeam "United States"]
[WhiteTeamCountry "ENG"]
[BlackTeamCountry "USA"]

1. d4 e6 2. c4 Nf6 3. Nc3 Bb4 4. Qc2 0-0 5. a3 Be7 6. Nf3 d5 7. e3 c6 8. cxd5 exd5 9. Bd3 h6 10. 0-0 Nbd7 11. e4 dxe4 12. Nxe4 Nxe4 13. Bxe4 Nf6 14. Bd3 Nd5 15. Re1 Bd6 16. Ne5 Qf6 17. Bd2 Be6 18. b4 Rab8 19. Nxc6 bxc6 20. Qxc6 Rb6 0-1

[Event "IECC CL7-2016.01 email"]
[Site "IECC email"]
[Date "2016.02.04"]
[Round "?"]
[White "Dawkins, Arthur William"]
[Black "Von Rosenberg, Clemens"]
[Result "1-0"]
[WhiteElo "1235"]
[BlackElo "843"]
[PlyCount "103"]
[EventDate "2016.??.??"]
[EventType "tourn (corr)"]
[EventRounds "4"]
[SourceTitle "Corr 2020"]
[Source "ChessBase"]
[SourceDate "2019.09.30"]
[SourceVersion "1"]
[SourceVersionDate "2019.09.30"]
[SourceQuality "1"]
[WhiteTeam "England"]
[BlackTeam "Germany"]
[WhiteTeamCountry "ENG"]
[BlackTeamCountry "GER"]

1. e4 c5 2. Nf3 e6 3. d4 cxd4 4. Nxd4 a6 5. Nc3 d6 6. Bd3 Nf6 7. 0-0 Be7 8. Bg5 h6 9. Bh4 Nbd7 10. f4 0-0 11. Nf3 Qc7 12. Qe2 Re8 13. e5 dxe5 14. fxe5 Nh7 15. Bxe7 Rxe7 16. Qe4 Ndf8 17. Rf2 Bd7 18. Raf1 Bc6 19. Qe2 Rd8 20. Ne4 Bxe4 21. Qxe4 Rc8 22. h4 Qc6 23. Qxc6 Rxc6 24. Be4 Rcc7 25. b3 b5 26. g4 g6 27. g5 h5 28. Nd2 Kg7 29. c4 bxc4 30. Nxc4 Nd7 31. a4 Nc5 32. Bc2 Rb7 33. Na5 Rbc7 34. Nc4 Nb7 35. Bd1 Red7 36. Rd2 Rxd2 37. Nxd2 Rd7 38. Ne4 Rd4 39. Nf6 Nxf6 40. exf6+ Kf8 41. Bf3 Nd8 42. Rd1 Rxd1+ 43. Bxd1 Ke8 44. b4 Kd7 45. Be2 Nc6 46. b5 axb5 47. Bxb5 Kc7 48. Kf2 Kb6 49. Ke3 Kc5 50. Ke4 Nd8 51. Kd3 Kb4 52. Kd4 1-0

[Event "IECC O-4141"]
[Site "IECC email"]
[Date "2015.12.05"]
[Round "?"]
[White "Dawkins, Arthur William"]
[Black "Pratt, Lou"]
[Result "1/2-1/2"]
[WhiteElo "1237"]
[BlackElo "1271"]
[PlyCount "87"]
[EventDate "2015.??.??"]
[EventType "swiss (corr)"]
[EventRounds "2"]
[SourceTitle "Corr 2020"]
[Source "ChessBase"]
[SourceDate "2019.09.30"]
[SourceVersion "1"]
[SourceVersionDate "2019.09.30"]
[SourceQuality "1"]
[WhiteTeam "England"]
[BlackTeam "United States"]
[WhiteTeamCountry "ENG"]
[BlackTeamCountry "USA"]

1. e4 e5 2. Nf3 Nf6 3. Nxe5 d6 4. Nf3 Nxe4 5. d4 d5 6. Bd3 Be7 7. Nbd2 Nxd2 8. Bxd2 Nc6 9. c3 0-0 10. 0-0 Be6 11. Qc2 g6 12. Bh6 Re8 13. Rfe1 Bg4 14. Ne5 Nxe5 15. dxe5 Bg5 16. Bxg5 Qxg5 17. g3 c6 18. f4 Qd8 19. f5 Qc7 20. fxg6 fxg6 21. c4 Rxe5 22. Rxe5 Qxe5 23. Qf2 Rf8 24. Re1 Qg7 25. Qxa7 Qxb2 26. a4 Qd2 27. Qe3 Qb4 28. cxd5 cxd5 29. Bc2 Rc8 30. Bb3 Rd8 31. Kg2 Bf5 32. Qe7 Qxe7 33. Rxe7 b6 34. Kf3 Kh8 35. Rb7 Be4+ 36. Ke3 Bh1 37. Rxb6 d4+ 38. Kd3 Bg2 39. a5 Ra8 40. a6 Bf1+ 41. Kxd4 Bxa6 42. Ke5 Kg7 43. Bd5 Re8+ 44. Re6 1/2-1/2

[Event "IECC O-4113"]
[Site "IECC email"]
[Date "2015.11.08"]
[Round "?"]
[White "Maguire, Gary"]
[Black "Dawkins, Arthur William"]
[Result "0-1"]
[WhiteElo "1270"]
[BlackElo "1202"]
[PlyCount "36"]
[EventDate "2015.??.??"]
[EventType "swiss (corr)"]
[EventRounds "2"]
[SourceTitle "Corr 2020"]
[Source "ChessBase"]
[SourceDate "2019.09.30"]
[SourceVersion "1"]
[SourceVersionDate "2019.09.30"]
[SourceQuality "1"]
[WhiteTeam "England"]
[BlackTeam "England"]
[WhiteTeamCountry "ENG"]
[BlackTeamCountry "ENG"]

1. e4 c5 2. c3 d5 3. exd5 Qxd5 4. Nf3 Nc6 5. d4 Nf6 6. Be2 e6 7. 0-0 cxd4 8. cxd4 Be7 9. Nc3 Qd8 10. Be3 0-0 11. Ne5 Nxe5 12. dxe5 Qxd1 13. Rfxd1 Nd7 14. Nd5 exd5 15. Rxd5 Nb8 16. f4 Nc6 17. Rdd1 Be6 18. Bd3 f5 0-1

[Event "IECC CL7-2015.04 email"]
[Site "IECC email"]
[Date "2015.09.20"]
[Round "?"]
[White "Dawkins, Arthur William"]
[Black "Von Rosenberg, Clemens"]
[Result "1-0"]
[WhiteElo "1203"]
[BlackElo "916"]
[PlyCount "71"]
[EventDate "2015.??.??"]
[EventType "tourn (corr)"]
[EventRounds "4"]
[SourceTitle "Corr 2020"]
[Source "ChessBase"]
[SourceDate "2019.09.30"]
[SourceVersion "1"]
[SourceVersionDate "2019.09.30"]
[SourceQuality "1"]
[WhiteTeam "England"]
[BlackTeam "Germany"]
[WhiteTeamCountry "ENG"]
[BlackTeamCountry "GER"]

1. d4 d5 2. Nf3 Nf6 3. g3 e6 4. Bg2 c5 5. c3 cxd4 6. cxd4 Bb4+ 7. Bd2 Bxd2+ 8. Nbxd2 0-0 9. 0-0 b6 10. Re1 Bb7 11. Rc1 Nbd7 12. e3 Rc8 13. Nb3 Rxc1 14. Qxc1 Qc8 15. Qxc8 Rxc8 16. Rc1 Rxc1+ 17. Nxc1 Ba6 18. a4 Kf8 19. b4 Ke7 20. b5 Bb7 21. Nb3 Kd6 22. Ng5 Ke7 23. Nd2 h6 24. Ngf3 Kd6 25. h4 Ke7 26. Kf1 Kd6 27. Ke2 Ke7 28. Kd3 Kd6 29. Nh2 Ke7 30. e4 dxe4+ 31. Nxe4 Nxe4 32. Bxe4 Bxe4+ 33. Kxe4 Nf6+ 34. Kd3 Kd6 35. Nf3 Ke7 36. Ne5 1-0

[Event "IECC CL7-2015.02 email"]
[Site "IECC email"]
[Date "2015.04.01"]
[Round "?"]
[White "Caudill, Tommy A"]
[Black "Dawkins, Arthur William"]
[Result "0-1"]
[WhiteElo "1155"]
[BlackElo "1150"]
[PlyCount "90"]
[EventDate "2015.??.??"]
[EventType "tourn (corr)"]
[EventRounds "4"]
[SourceTitle "Corr 2020"]
[Source "ChessBase"]
[SourceDate "2019.09.30"]
[SourceVersion "1"]
[SourceVersionDate "2019.09.30"]
[SourceQuality "1"]
[WhiteTeam "United States"]
[BlackTeam "England"]
[WhiteTeamCountry "USA"]
[BlackTeamCountry "ENG"]

1. e4 g6 2. d4 d6 3. Nc3 Bg7 4. Nf3 Nf6 5. Bd3 Bg4 6. 0-0 0-0 7. Bf4 Nbd7 8. Re1 e5 9. dxe5 Nxe5 10. Bxe5 dxe5 11. Be2 Qxd1 12. Rexd1 Rfe8 13. h3 Bxf3 14. Bxf3 Rad8 15. Nb5 c6 16. Na3 Rd4 17. c3 Rdd8 18. Nc2 c5 19. Ne3 b5 20. g4 b4 21. c4 Rd4 22. b3 Nxe4 23. Rxd4 exd4 24. Nd5 Ng5 25. Kg2 Nxf3 26. Kxf3 a5 27. g5 Re6 28. Rd1 h6 29. h4 hxg5 30. hxg5 Re5 31. Nf6+ Bxf6 32. gxf6 Rf5+ 33. Kg2 Rxf6 34. Rd3 Ra6 35. a4 Re6 36. Kg3 f5 37. f4 Re2 38. Kf3 Rc2 39. Kg3 Rc3 40. Rf3 Kf7 41. Kf2 Kf6 42. Ke2 g5 43. fxg5+ Kxg5 44. Rd3 Rxd3 45. Kxd3 Kf4 0-1

[Event "IECC CL7-2014.05 email"]
[Site "IECC email"]
[Date "2015.04.01"]
[Round "?"]
[White "Dawkins, Arthur William"]
[Black "Simmons, Ernest"]
[Result "1-0"]
[WhiteElo "1155"]
[BlackElo "1103"]
[PlyCount "65"]
[EventDate "2015.??.??"]
[EventType "tourn (corr)"]
[EventRounds "4"]
[SourceTitle "Corr 2020"]
[Source "ChessBase"]
[SourceDate "2019.09.30"]
[SourceVersion "1"]
[SourceVersionDate "2019.09.30"]
[SourceQuality "1"]
[WhiteTeam "England"]
[BlackTeam "United States"]
[WhiteTeamCountry "ENG"]
[BlackTeamCountry "USA"]

1. c4 Nf6 2. Nc3 d6 3. g3 g6 4. Bg2 Bg7 5. e4 e5 6. Nge2 0-0 7. 0-0 Nc6 8. d3 Bg4 9. h3 Be6 10. Be3 Qc8 11. Kh2 Re8 12. Qd2 Re7 13. f4 Bd7 14. a3 Na5 15. Nc1 a6 16. b4 Nc6 17. Nb3 b6 18. d4 exd4 19. Nxd4 Rb8 20. Rab1 Ne8 21. Nd5 Qd8 22. Nxe7+ Qxe7 23. e5 dxe5 24. Nxc6 Bxc6 25. Bxc6 Nd6 26. Bd5 Bh6 27. fxe5 Bxe3 28. Qxe3 Nf5 29. Qf3 Kh8 30. g4 Nd4 31. Qxf7 Qxe5+ 32. Qf4 Qxf4+ 33. Rxf4 1-0

[Event "IECC Swiss-562.4"]
[Site "IECC email"]
[Date "2013.08.21"]
[Round "?"]
[White "Dawkins, Arthur William"]
[Black "Wozniak, Zbigniew"]
[Result "0-1"]
[WhiteElo "1210"]
[BlackElo "1915"]
[PlyCount "34"]
[EventDate "2013.??.??"]
[EventType "swiss (corr)"]
[EventRounds "1"]
[SourceTitle "Corr 2020"]
[Source "ChessBase"]
[SourceDate "2019.09.30"]
[SourceVersion "1"]
[SourceVersionDate "2019.09.30"]
[SourceQuality "1"]
[WhiteTeam "England"]
[BlackTeam "Poland"]
[WhiteTeamCountry "ENG"]
[BlackTeamCountry "POL"]

1. d4 d5 2. Nf3 c6 3. e3 Nf6 4. Bd3 Bg4 5. Nbd2 Nbd7 6. h3 Bh5 7. g4 Bg6 8. e4 dxe4 9. Nxe4 Bxe4 10. Bxe4 Nxe4 11. Qe2 Qa5+ 12. Nd2 Nxd2 13. Bxd2 Qd5 14. Rf1 0-0-0 15. Be3 e5 16. c4 Qa5+ 17. Qd2 Bb4 0-1

[Event "IECC CL7-2012.12 email"]
[Site "IECC email"]
[Date "2012.11.14"]
[Round "?"]
[White "Dawkins, Arthur William"]
[Black "Stevenson, Walter"]
[Result "1-0"]
[WhiteElo "1142"]
[BlackElo "1044"]
[PlyCount "63"]
[EventDate "2012.??.??"]
[EventType "tourn (corr)"]
[EventRounds "4"]
[SourceTitle "Telechess CBM 165"]
[Source "ChessBase"]
[SourceDate "2015.03.11"]
[SourceVersion "1"]
[SourceVersionDate "2015.03.11"]
[SourceQuality "1"]
[BlackTeam "Canada"]
[BlackTeamCountry "CAN"]

1. d4 d5 2. Nf3 e6 3. e3 Nf6 4. Bd3 g6 5. Nbd2 Bg7 6. 0-0 0-0 7. e4 dxe4 8. Nxe4 Nbd7 9. Bg5 Qe8 10. Re1 Nxe4 11. Bxe4 Rb8 12. c4 b6 13. d5 e5 14. b4 Nf6 15. Bc2 h6 16. Bd2 Bg4 17. h3 Bd7 18. Nxe5 Qc8 19. Nxd7 Qxd7 20. Rc1 Rfe8 21. a4 Rxe1+ 22. Bxe1 Re8 23. Bb1 h5 24. Bc3 a6 25. Qf3 c5 26. Bxf6 Bxf6 27. Qxf6 Re7 28. b5 axb5 29. axb5 Qe8 30. Kf1 Re2 31. Rd1 Rb2 32. Qxb2 1-0

[Event "IECC CL7-2012.08 email"]
[Site "IECC email"]
[Date "2012.07.30"]
[Round "?"]
[White "Simmons, Ernest"]
[Black "Dawkins, Arthur William"]
[Result "0-1"]
[WhiteElo "1016"]
[BlackElo "1032"]
[PlyCount "52"]
[EventDate "2012.??.??"]
[EventType "tourn (corr)"]
[EventRounds "4"]
[SourceTitle "Telechess CBM 165"]
[Source "ChessBase"]
[SourceDate "2015.03.11"]
[SourceVersion "1"]
[SourceVersionDate "2015.03.11"]
[SourceQuality "1"]
[WhiteTeam "US of America"]
[WhiteTeamCountry "USA"]

1. d4 d5 2. c4 c6 3. Nc3 Nf6 4. e3 Bg4 5. Be2 Bxe2 6. Qxe2 e6 7. Nf3 Bb4 8. Bd2 0-0 9. 0-0 dxc4 10. Qxc4 a5 11. a3 b5 12. Qe2 Be7 13. Ne5 Qc7 14. h3 Nbd7 15. Nxd7 Qxd7 16. Qd3 Rad8 17. Ne2 b4 18. a4 c5 19. b3 cxd4 20. e4 e5 21. Ng3 Rfe8 22. Rac1 Rc8 23. Nf5 Bf8 24. Qg3 Nxe4 25. Qd3 Nxd2 26. Qxd2 Qxf5 0-1

[Event "IECC CL7-2011.09 email"]
[Site "IECC email"]
[Date "2012.01.10"]
[Round "?"]
[White "Dawkins, Arthur William"]
[Black "Zwyssig, Manuel"]
[Result "0-1"]
[WhiteElo "1067"]
[BlackElo "1000"]
[PlyCount "76"]
[EventDate "2011.??.??"]
[EventType "tourn (corr)"]
[EventRounds "4"]
[SourceTitle "Telechess CBM 165"]
[Source "ChessBase"]
[SourceDate "2015.03.11"]
[SourceVersion "1"]
[SourceVersionDate "2015.03.11"]
[SourceQuality "1"]
[BlackTeam "Switzerland"]
[BlackTeamCountry "SUI"]

1. e4 c5 2. Nf3 d6 3. d4 cxd4 4. Nxd4 Nf6 5. Nc3 Nc6 6. Nb3 g6 7. Bg5 Bg7 8. Be2 a6 9. 0-0 0-0 10. Nd2 b5 11. Nf3 Bb7 12. a3 Qc7 13. Rb1 Rac8 14. Bd3 Nd7 15. Nd5 Qd8 16. b4 Nb6 17. Re1 Nxd5 18. exd5 Ne5 19. Be4 Qc7 20. Rc1 Rfe8 21. Qd2 Nc4 22. Qe2 Nxa3 23. Red1 Bb2 24. Qe3 Bxc1 25. Rxc1 Nc4 26. Qc3 Ne5 27. Qxc7 Nxf3+ 28. Bxf3 Rxc7 29. Be4 Kg7 30. Re1 f6 31. Be3 Rc4 32. Bd3 Rxb4 33. c3 Rb3 34. Bd4 Bxd5 35. Rd1 e5 36. Be3 Bc4 37. Bxc4 bxc4 38. h3 Rd8 0-1

[Event "IECC CL7-2011.09 email"]
[Site "IECC email"]
[Date "2012.01.10"]
[Round "?"]
[White "Stevenson, Walter"]
[Black "Dawkins, Arthur William"]
[Result "1-0"]
[WhiteElo "1061"]
[BlackElo "1045"]
[PlyCount "89"]
[EventDate "2011.??.??"]
[EventType "tourn (corr)"]
[EventRounds "4"]
[SourceTitle "Telechess CBM 165"]
[Source "ChessBase"]
[SourceDate "2015.03.11"]
[SourceVersion "1"]
[SourceVersionDate "2015.03.11"]
[SourceQuality "1"]
[WhiteTeam "Canada"]
[WhiteTeamCountry "CAN"]

1. d4 d5 2. c4 c6 3. Nf3 Nf6 4. Nc3 e6 5. e3 Bb4 6. Qb3 Qa5 7. Bd2 0-0 8. Bd3 dxc4 9. Bxc4 b5 10. Bd3 Nbd7 11. a3 Bxc3 12. Bxc3 Qc7 13. 0-0 Bb7 14. Be2 a6 15. Qc2 Rac8 16. Qd2 Ne4 17. Qc2 Nxc3 18. bxc3 Nf6 19. Rfc1 c5 20. dxc5 Qxc5 21. Qd2 Rfd8 22. Qb2 Ne4 23. c4 Qe7 24. cxb5 axb5 25. Bxb5 Rxc1+ 26. Rxc1 h6 27. h3 Ra8 28. a4 Nd6 29. Nd4 Qg5 30. Bc6 Bxc6 31. Nxc6 Rxa4 32. Qb8+ Kh7 33. Qxd6 Qf6 34. Nd4 Qg5 35. Qd7 Qa5 36. Qxf7 Qe5 37. Nf3 Qf6 38. Qxf6 gxf6 39. Rc6 Re4 40. Nd4 e5 41. Nf5 Kg6 42. g4 h5 43. Ng3 Ra4 44. gxh5+ Kg5 45. Kg2 1-0

[Event "IECC CL7-2011.09 email"]
[Site "IECC email"]
[Date "2012.01.10"]
[Round "?"]
[White "Wincinson, Ginger Alice"]
[Black "Dawkins, Arthur William"]
[Result "1-0"]
[WhiteElo "1238"]
[BlackElo "1031"]
[PlyCount "29"]
[EventDate "2012.??.??"]
[EventType "tourn (corr)"]
[EventRounds "4"]
[SourceTitle "Corr 2020"]
[Source "ChessBase"]
[SourceDate "2019.09.30"]
[SourceVersion "1"]
[SourceVersionDate "2019.09.30"]
[SourceQuality "1"]
[WhiteTeam "England"]
[BlackTeam "England"]
[WhiteTeamCountry "ENG"]
[BlackTeamCountry "ENG"]

1. d4 d5 2. c4 c6 3. Nf3 Nf6 4. e3 dxc4 5. Bxc4 e6 6. 0-0 Be7 7. Nc3 0-0 8. e4 h6 9. Qe2 Re8 10. Bd3 b5 11. e5 Nd5 12. Qe4 g6 13. Bxh6 f5 14. exf6 Bxf6 15. Qxg6+ 1-0